[Event "Quebec op"]
[Site "Longueuil CAN"]
[Date "2019.07.22"]
[Round "4.15"]
[White "Landry, Sylvain"]
[Black "Botez, Alexandra"]
[Result "0-1"]
[WhiteElo "2046"]
[BlackElo "2040"]
[PlyCount "66"]
[EventDate "2019.07.20"]
[EventType "swiss"]
[EventRounds "9"]
[EventCountry "CAN"]

1. e4 e6 2. d4 d5 3. Nc3 Nf6 4. Bg5 Bb4 5. e5 h6 6. Bd2 Bxc3 7. bxc3 Ne4 8. Qg4
Kf8 9. h4 Nxd2 10. Kxd2 c5 11. Bd3 Nc6 12. Rh3 cxd4 13. cxd4 Qb6 14. Nf3 Qb2
15. Rhh1 b6 16. Qf4 Qa3 17. g4 Ba6 18. g5 Bxd3 19. cxd3 Nb4 20. Rhc1 Qxd3+ 21.
Ke1 Nc2+ 22. Rxc2 Qxc2 23. Rc1 Qe4+ 24. Qe3 Qxe3+ 25. fxe3 hxg5 26. Nxg5 Rxh4
27. Rc7 Kg8 28. Nxf7 Rg4 29. Nd6 Rg2 30. Re7 Rf8 31. Rxe6 Rxa2 32. Rg6 Rff2 33.
Ne8 Rh2 0-1

[Event "Quebec op"]
[Site "Longueuil CAN"]
[Date "2019.07.22"]
[Round "4.16"]
[White "Zheng, Richard"]
[Black "Guipi Bopala, Prince Eric jr"]
[Result "1/2-1/2"]
[WhiteElo "1993"]
[BlackElo "1619"]
[PlyCount "89"]
[EventDate "2019.07.20"]
[EventType "swiss"]
[EventRounds "9"]
[EventCountry "CAN"]

1. d4 d5 2. c4 e6 3. Nc3 Be7 4. Nf3 Nf6 5. cxd5 exd5 6. Bg5 c6 7. Qc2 O-O 8. e3
Nbd7 9. Bd3 Re8 10. O-O Nf8 11. Rab1 a5 12. a3 Ng6 13. Ne5 Ne4 14. Bxe7 Qxe7
15. Nxe4 Nxe5 16. dxe5 dxe4 17. Bxe4 h6 18. f4 a4 19. Rbe1 Be6 20. Qc3 Bb3 21.
Bc2 Bxc2 22. Qxc2 Red8 23. Rd1 Ra5 24. h3 Rdd5 25. Rxd5 cxd5 26. Rc1 b6 27.
Qc8+ Kh7 28. Rc7 Qe6 29. Qf8 Rb5 30. Qxf7 Qxf7 31. Rxf7 Rxb2 32. Kf1 Rb3 33.
Kf2 Rxa3 34. e6 Kg8 35. Rf5 Rc3 36. Rxd5 Kf8 37. Ke2 a3 38. Kd2 Rc8 39. Rd7 Ra8
40. e7+ Ke8 41. Rd8+ Rxd8+ 42. exd8=Q+ Kxd8 43. Kc3 b5 44. Kb3 b4 45. e4
1/2-1/2

[Event "Quebec op"]
[Site "Longueuil CAN"]
[Date "2019.07.22"]
[Round "4.17"]
[White "Zhu, Hong Rui"]
[Black "Abdelaal, Ibrahim"]
[Result "1-0"]
[WhiteElo "2275"]
[BlackElo "1903"]
[PlyCount "103"]
[EventDate "2019.07.20"]
[EventType "swiss"]
[EventRounds "9"]
[EventCountry "CAN"]

1. e4 d5 2. exd5 Nf6 3. d4 Nxd5 4. Nf3 Bg4 5. Be2 e6 6. O-O Be7 7. c4 Nf6 8.
Be3 O-O 9. h3 Bh5 10. Qb3 Nbd7 11. Nc3 c5 12. Qxb7 Rb8 13. Qxa7 Ra8 14. Qb7 Rb8
15. Qa7 Ra8 16. Qb7 Rb8 17. Qc6 Rb6 18. Qa4 Rxb2 19. Rfb1 Qb8 20. Qa3 Rxb1+ 21.
Rxb1 Qa8 22. Qxa8 Rxa8 23. Rb7 cxd4 24. Bxd4 Bc5 25. g4 Bg6 26. Rc7 Bd6 27. Ra7
Rxa7 28. Bxa7 Kf8 29. Nd4 Ne4 30. Nxe4 Bxe4 31. Nb5 Bc5 32. Bxc5+ Nxc5 33. f3
Bb1 34. Nc3 Bc2 35. h4 Ke7 36. Kf2 Kd6 37. Nb5+ Ke5 38. Ke3 Bb1 39. g5 h6 40.
f4+ Kf5 41. Nd6+ Kg6 42. h5+ Kh7 43. Kd4 Nd7 44. a4 hxg5 45. fxg5 f5 46. a5 Bc2
47. a6 Ba4 48. Bf3 e5+ 49. Kc3 e4 50. Nxe4 fxe4 51. Bxe4+ Kg8 52. a7 1-0

[Event "Quebec op"]
[Site "Longueuil CAN"]
[Date "2019.07.22"]
[Round "4.19"]
[White "Trottier, Alain"]
[Black "Zhong, Kevin"]
[Result "0-1"]
[WhiteElo "1829"]
[BlackElo "2039"]
[PlyCount "86"]
[EventDate "2019.07.20"]
[EventType "swiss"]
[EventRounds "9"]
[EventCountry "CAN"]

1. e4 c5 2. Nf3 Nc6 3. Bb5 e6 4. O-O Nge7 5. Re1 a6 6. Bxc6 Nxc6 7. c4 Be7 8.
Nc3 O-O 9. d3 Rb8 10. Qe2 d6 11. Be3 e5 12. Nd5 f5 13. exf5 Bxf5 14. h3 Qe8 15.
a3 Qh5 16. Rad1 Bxh3 17. Nh2 Qg6 18. g3 Bg5 19. b4 Nd4 20. Qd2 Bxe3 21. Rxe3
Qh5 22. Re4 Nf3+ 23. Nxf3 Qxf3 24. Ne3 Rf6 25. Rh4 Bd7 26. Re1 Rbf8 27. Rh2
cxb4 28. axb4 Bc6 29. Qd1 b5 30. Qxf3 Bxf3 31. Rc1 Rc8 32. Kf1 bxc4 33. Rxc4
Rb8 34. Ke1 d5 35. Rch4 h6 36. Kd2 d4 37. Nc2 Rc6 38. g4 Rbc8 39. Na3 Rc1 40.
Nc4 Rd1+ 41. Kc2 e4 42. Kb2 exd3 43. Na3 d2 0-1

[Event "Quebec op"]
[Site "Longueuil CAN"]
[Date "2019.07.22"]
[Round "4.20"]
[White "Yan, Alex Jikai"]
[Black "Libersan, Thierry"]
[Result "1-0"]
[WhiteElo "1417"]
[BlackElo "2017"]
[PlyCount "169"]
[EventDate "2019.07.20"]
[EventType "swiss"]
[EventRounds "9"]
[EventCountry "CAN"]

1. e4 c5 2. Nf3 e6 3. Nc3 a6 4. d4 cxd4 5. Nxd4 b5 6. a3 Bb7 7. Bd3 d6 8. O-O
Nf6 9. Re1 Be7 10. Bd2 Nbd7 11. f4 Qc7 12. Nf3 Rc8 13. b4 O-O 14. h3 Rfd8 15.
Qe2 e5 16. f5 Nb6 17. Reb1 Nc4 18. Be1 Re8 19. a4 d5 20. axb5 axb5 21. exd5
Nxd5 22. Nxd5 Bxd5 23. Nd2 Nxd2 24. Bxd2 Bc4 25. Bxc4 Qxc4 26. Qxc4 Rxc4 27. c3
Rd8 28. Rd1 h6 29. Be1 Rcc8 30. Kf1 e4 31. Ke2 Bf6 32. Rxd8+ Rxd8 33. Rd1 Rxd1
34. Kxd1 Kf8 35. Ke2 Bg5 36. Bd2 Bf6 37. Ke3 Bg5+ 38. Ke2 Bf6 39. Be1 Bg5 40.
h4 Bf4 41. g3 Bd6 42. Ke3 h5 43. Kxe4 Ke7 44. Bf2 Kd7 45. Kd5 Bb8 46. c4 bxc4
47. Kxc4 Kc6 48. b5+ Kb7 49. Kd5 Bc7 50. Ke4 Kc8 51. b6 Bb8 52. Kf3 Kd7 53. g4
hxg4+ 54. Kxg4 Kc6 55. Kg5 Be5 56. Be3 Bf6+ 57. Kg4 g6 58. Bg5 Bd4 59. Bd8 Be3
60. h5 gxh5+ 61. Kxh5 Bd2 62. Kg4 Bc1 63. Kf3 Bb2 64. Kf4 Bc1+ 65. Ke4 Bb2 66.
Bc7 Bc1 67. Kd4 Bd2 68. Ke4 Bc3 69. Be5 Bd2 70. Bd4 Bg5 71. Ke5 Bh4 72. Kf4 Bd8
73. Kg4 Be7 74. Kh5 Bd6 75. Kh6 Kd5 76. Bf2 Ke4 77. f6 Kf5 78. Bd4 Ke4 79. Bc3
Kf5 80. Kg7 Ke6 81. Bd4 Kd5 82. Kxf7 Kxd4 83. Ke6 Kc5 84. b7 Kc6 85. f7 1-0

[Event "Quebec op"]
[Site "Longueuil CAN"]
[Date "2019.07.22"]
[Round "4.22"]
[White "Craciun, David"]
[Black "Jacquet, Stephane"]
[Result "1-0"]
[WhiteElo "1720"]
[BlackElo "1915"]
[PlyCount "95"]
[EventDate "2019.07.20"]
[EventType "swiss"]
[EventRounds "9"]
[EventCountry "CAN"]

1. d4 d5 2. Bf4 Nf6 3. e3 g6 4. Nf3 Bg7 5. c4 O-O 6. Nc3 c5 7. dxc5 Qa5 8. Qd2
dxc4 9. Bxc4 Rd8 10. Qc2 Ne4 11. Ne5 Bf5 12. O-O Bxe5 13. Nxe4 Bxf4 14. exf4
Rd4 15. Bd3 Nc6 16. a3 Rad8 17. Rfd1 Qc7 18. Qe2 Qxf4 19. f3 Ne5 20. Bc2 Nc6
21. b4 a6 22. Kh1 h5 23. Qe1 h4 24. Rxd4 Nxd4 25. Rd1 Kg7 26. Qc3 e5 27. Bb1
Rd7 28. Re1 h3 29. a4 hxg2+ 30. Kxg2 Rd8 31. Ng3 Bxb1 32. Rxb1 Nf5 33. Re1 Rd2+
34. Re2 Nh4+ 35. Kf2 Rxe2+ 36. Kxe2 f5 37. Qe3 Qxe3+ 38. Kxe3 f4+ 39. Ke4 fxg3
40. hxg3 Nf5 41. Kxe5 Kf7 42. g4 Ne7 43. Kd6 Nc6 44. Kc7 Nxb4 45. Kxb7 g5 46.
c6 Nxc6 47. Kxc6 Ke6 48. Kb6 1-0

[Event "Quebec op"]
[Site "Longueuil CAN"]
[Date "2019.07.22"]
[Round "4.23"]
[White "Beaudry, Marc-Andre"]
[Black "Boucher, Antoni"]
[Result "0-1"]
[WhiteElo "1848"]
[BlackElo "1932"]
[PlyCount "23"]
[EventDate "2019.07.20"]
[EventType "swiss"]
[EventRounds "9"]
[EventCountry "CAN"]

1. e4 c6 2. d4 d5 3. e5 Bf5 4. Nf3 e6 5. Be2 Nd7 6. O-O Ne7 7. Nh4 Qc7 8. Nd2
c5 9. c4 cxd4 10. cxd5 Bc2 11. d6 Bxd1 12. Rxd1 0-1

[Event "Quebec op"]
[Site "Longueuil CAN"]
[Date "2019.07.22"]
[Round "4.24"]
[White "Yagiz, Bora"]
[Black "Vignalou, Joseph"]
[Result "1-0"]
[WhiteElo "1889"]
[BlackElo "1732"]
[PlyCount "57"]
[EventDate "2019.07.20"]
[EventType "swiss"]
[EventRounds "9"]
[EventCountry "CAN"]

1. b3 c5 2. Bb2 Nc6 3. e3 d5 4. Bb5 Nf6 5. Nf3 Bd7 6. O-O e6 7. d3 Bd6 8. Bxc6
Bxc6 9. Ne5 Qc7 10. f4 Nd7 11. Nxc6 bxc6 12. Nd2 O-O-O 13. Bxg7 Rhg8 14. Bb2
Rg6 15. g3 Rdg8 16. Qe2 f6 17. Kh1 e5 18. Qh5 d4 19. Ne4 exf4 20. exf4 f5 21.
Qxf5 Rf8 22. Qh3 Kb7 23. b4 Nf6 24. Rae1 Ng4 25. bxc5 Bxf4 26. gxf4 Rxf4 27.
Rxf4 Qxf4 28. Rf1 Nf2+ 29. Rxf2 1-0

[Event "Quebec op"]
[Site "Longueuil CAN"]
[Date "2019.07.23"]
[Round "5.1"]
[White "Roussel-Roozmon, Thomas"]
[Black "Sambuev, Bator"]
[Result "1/2-1/2"]
[WhiteElo "2503"]
[BlackElo "2463"]
[PlyCount "33"]
[EventDate "2019.07.20"]
[EventType "swiss"]
[EventRounds "9"]
[EventCountry "CAN"]

1. d4 d5 2. c4 e6 3. Nf3 Nf6 4. g3 Be7 5. Bg2 O-O 6. O-O c6 7. Qc2 b6 8. Nbd2
Bb7 9. e4 Na6 10. a3 c5 11. exd5 exd5 12. dxc5 Nxc5 13. b4 Ne6 14. cxd5 Rc8 15.
Qa4 Bxd5 16. Bb2 Qc7 17. Rfc1 1/2-1/2

[Event "Quebec op"]
[Site "Longueuil CAN"]
[Date "2019.07.23"]
[Round "5.3"]
[White "Voskanyan, Vahagn"]
[Black "Vera, Reynaldo"]
[Result "0-1"]
[WhiteElo "2205"]
[BlackElo "2424"]
[PlyCount "124"]
[EventDate "2019.07.20"]
[EventType "swiss"]
[EventRounds "9"]
[EventCountry "CAN"]

1. c4 e6 2. Nf3 d5 3. g3 Nf6 4. Bg2 Be7 5. d4 O-O 6. Qc2 c5 7. cxd5 cxd4 8.
Nxd4 Nxd5 9. Nf3 Nb4 10. Qb3 N8c6 11. Na3 e5 12. Be3 Be6 13. Qa4 Bxa2 14. O-O
Be6 15. Rac1 a6 16. Rfd1 Qb8 17. Bb6 Bd8 18. Rxd8 Rxd8 19. Bxd8 Qxd8 20. Nxe5
Qd2 21. Rd1 Qxe2 22. Nxc6 Nxc6 23. Qc2 Qxc2 24. Nxc2 Rd8 25. Rxd8+ Nxd8 26. Nd4
Bd7 27. Be4 Kf8 28. Kf1 g6 29. Ke2 Ke7 30. Ke3 b6 31. Kd3 Kd6 32. f4 Kc5 33.
Kc3 a5 34. Nb3+ Kd6 35. Nd4 Ne6 36. Nf3 f6 37. Nd2 Nc7 38. Kd4 Ne6+ 39. Kc3 Nc7
40. Kd4 Nb5+ 41. Kc4 Na7 42. Kd4 Be6 43. Bd3 Nc6+ 44. Kc3 f5 45. Bc4 Bxc4 46.
Kxc4 Na7 47. Nf3 b5+ 48. Kd3 Nc6 49. Ng5 h5 50. Nf3 Kd5 51. Nh4 Ne7 52. Nf3 a4
53. Kc3 Nc6 54. Nh4 b4+ 55. Kd3 Ne7 56. Nf3 a3 57. bxa3 bxa3 58. Kc3 Ke4 59.
Nh4 Ke3 60. Kb3 Kf2 61. Kxa3 Kg1 62. Nf3+ Kg2 0-1

[Event "Quebec op"]
[Site "Longueuil CAN"]
[Date "2019.07.23"]
[Round "5.4"]
[White "Ouellet, Maili-Jade"]
[Black "Cummings, David"]
[Result "1/2-1/2"]
[WhiteElo "2079"]
[BlackElo "2340"]
[PlyCount "47"]
[EventDate "2019.07.20"]
[EventType "swiss"]
[EventRounds "9"]
[EventCountry "CAN"]

1. d4 Nf6 2. c4 e6 3. Nc3 Bb4 4. e3 O-O 5. Nge2 c6 6. a3 Ba5 7. b4 Bc7 8. Bb2
d5 9. Ng3 Nbd7 10. Be2 dxc4 11. Bxc4 e5 12. dxe5 Nxe5 13. Be2 Bg4 14. O-O Qxd1
15. Rfxd1 Rfd8 16. Bxg4 Nfxg4 17. Nce4 Nc4 18. Bd4 Be5 19. h3 Bxd4 20. exd4 Nh6
21. Nc3 Nb2 22. Rd2 Nc4 23. Rdd1 Nb2 24. Rd2 1/2-1/2

[Event "Quebec op"]
[Site "Longueuil CAN"]
[Date "2019.07.23"]
[Round "5.5"]
[White "Manley, Jason"]
[Black "Rodrigue-Lemieux, Shawn"]
[Result "0-1"]
[WhiteElo "2025"]
[BlackElo "2257"]
[PlyCount "88"]
[EventDate "2019.07.20"]
[EventType "swiss"]
[EventRounds "9"]
[EventCountry "CAN"]

1. Nf3 Nf6 2. g3 d5 3. Bg2 e6 4. O-O Be7 5. d3 c5 6. c4 O-O 7. Qc2 Nc6 8. a3 b6
9. cxd5 Nxd5 10. b4 Bf6 11. Ra2 Nd4 12. Nxd4 cxd4 13. e4 dxe3 14. fxe3 Ba6 15.
Qb3 Rc8 16. b5 Bb7 17. d4 Qd7 18. Re2 Ne7 19. Bxb7 Qxb7 20. Nc3 Nf5 21. Rd1 Qf3
22. Rc2 Nxe3 23. Rf2 Qxf2+ 24. Kxf2 Rxc3 25. Qa4 Rc4 26. Qb3 Nxd1+ 27. Qxd1
Bxd4+ 28. Kg2 Rfc8 29. Bd2 Bf6 30. Bb4 Rd8 31. Qe2 Rc7 32. Qe4 Rd5 33. Kh3 h6
34. Qf4 Rcd7 35. Qb8+ Kh7 36. Qe8 Rc7 37. Qb8 Be5 38. Qe8 h5 39. Be7 Kg6 40.
Bb4 Rd4 41. Qa8 Rc2 42. Qh1 Kh6 43. Qg1 g5 44. Be7 Rh4+ 0-1

[Event "Quebec op"]
[Site "Longueuil CAN"]
[Date "2019.07.23"]
[Round "5.6"]
[White "Chiku-Ratte, Olivier-Kenta"]
[Black "Luksza, Arkadiusz"]
[Result "1-0"]
[WhiteElo "2364"]
[BlackElo "2098"]
[PlyCount "47"]
[EventDate "2019.07.20"]
[EventType "swiss"]
[EventRounds "9"]
[EventCountry "CAN"]

1. d4 g6 2. c4 Bg7 3. e4 d6 4. Nc3 e5 5. Nge2 Nc6 6. d5 Nd4 7. Be3 Nxe2 8. Bxe2
Ne7 9. Qd2 O-O 10. O-O-O f5 11. f3 f4 12. Bf2 b6 13. Kb1 a6 14. g3 Bd7 15. gxf4
Rxf4 16. h4 Bg4 17. Be3 Rxf3 18. Rhg1 Bh5 19. Bxf3 Bxf3 20. Rdf1 Bh5 21. Bh6
Qd7 22. Bxg7 Kxg7 23. Qg5 Ng8 24. Qxh5 1-0

[Event "Quebec op"]
[Site "Longueuil CAN"]
[Date "2019.07.23"]
[Round "5.7"]
[White "Perez Rodriguez, Luis Manuel"]
[Black "Soudre, Nicolas"]
[Result "1-0"]
[WhiteElo "2348"]
[BlackElo "2086"]
[Annotator ",Microsoft"]
[PlyCount "125"]
[EventDate "2019.07.20"]
[EventType "swiss"]
[EventRounds "9"]
[EventCountry "CAN"]

1. e4 e5 2. Nf3 Nc6 3. Bb5 a6 4. Ba4 Nf6 5. d4 exd4 6. O-O Be7 7. e5 Ne4 8. Re1
Nc5 9. Bxc6 dxc6 10. Nxd4 Ne6 11. Nf5 Qxd1 12. Rxd1 Bf8 13. Nc3 Bd7 14. Be3
O-O-O 15. Ne4 h6 16. Nfg3 g6 17. Nf6 Bc5 18. Nf1 Be7 19. Nxd7 Rxd7 20. Rxd7
Kxd7 21. f4 h5 22. Rd1+ Kc8 23. Kf2 Rd8 24. Rxd8+ Kxd8 25. Kf3 Kd7 26. Nd2 b6
27. g3 Ng7 28. h3 Ke6 29. Ke4 Nf5 30. Bf2 Nh6 31. Nf3 c5 32. Nd2 f6 33. exf6
Bxf6 34. c3 Nf7 35. g4 hxg4 36. hxg4 Nd6+ 37. Kd3 Kd5 38. b3 Ke6 39. Be3 Bg7
40. Nf3 Bf6 41. c4 Nc8 42. Ke4 Nd6+ 43. Kd3 Nc8 44. Bf2 Nd6 45. Nd2 Be7 46. Be3
Bd8 47. Ne4 Nb7 48. Bd2 Be7 49. Bc3 Bd8 50. Be1 Be7 51. Bg3 Bd8 52. Nc3 Nd6 53.
Nd5 Ne8 54. Be1 Nd6 55. Bc3 Nf7 56. Bg7 c6 57. Nc3 Bc7 58. Ke4 Bb8 59. Bf8 Bc7
60. Ke3 Kf6 61. Kf3 Ke6 62. Ne4 Bd8 63. Bg7 {etc. 95 moves/coups.} 1-0

[Event "Quebec op"]
[Site "Longueuil CAN"]
[Date "2019.07.23"]
[Round "5.8"]
[White "Botez, Alexandra"]
[Black "Kaufman, Raymond"]
[Result "0-1"]
[WhiteElo "2040"]
[BlackElo "2301"]
[PlyCount "54"]
[EventDate "2019.07.20"]
[EventType "swiss"]
[EventRounds "9"]
[EventCountry "CAN"]

1. d4 Nf6 2. Bf4 g6 3. e3 Bg7 4. Nc3 d6 5. Be2 Nbd7 6. Nf3 Nh5 7. Bg5 h6 8. Bh4
g5 9. Bxg5 hxg5 10. Nxg5 Nhf6 11. Bc4 d5 12. Nxd5 Nxd5 13. Bxd5 e6 14. Nxe6
fxe6 15. Bxe6 Qe7 16. Qg4 Ne5 17. dxe5 Bxe6 18. Qg6+ Qf7 19. Qxf7+ Kxf7 20. f4
Rad8 21. h3 Bf8 22. Ke2 Bc4+ 23. Kf3 Rd2 24. Rac1 Bc5 25. b4 Bd5+ 26. e4 Rf2+
27. Kg3 Rg8+ 0-1

[Event "Quebec op"]
[Site "Longueuil CAN"]
[Date "2019.07.23"]
[Round "5.9"]
[White "Trahan, Daniel"]
[Black "Tanaka, Tyler"]
[Result "1/2-1/2"]
[WhiteElo "1949"]
[BlackElo "2109"]
[PlyCount "68"]
[EventDate "2019.07.20"]
[EventType "swiss"]
[EventRounds "9"]
[EventCountry "CAN"]

1. d4 g6 2. c4 Bg7 3. Nf3 c5 4. d5 d6 5. h3 Nf6 6. Nc3 e6 7. e4 exd5 8. exd5
Bf5 9. Be2 O-O 10. O-O Ne4 11. Nxe4 Bxe4 12. Ng5 Bf5 13. Bd3 Bxd3 14. Qxd3 Nd7
15. Nf3 Re8 16. Rb1 Nf6 17. Bf4 Qd7 18. Rfe1 a6 19. b3 b5 20. Nd2 b4 21. g4 Bf8
22. Bg5 Rxe1+ 23. Rxe1 Bg7 24. Qf3 Re8 25. Rxe8+ Nxe8 26. Ne4 Be5 27. Bf6 Nxf6
28. Nxf6+ Bxf6 29. Qxf6 h6 30. Kh2 a5 31. Kg3 a4 32. h4 a3 33. h5 g5 34. f4 Qe8
1/2-1/2

[Event "Quebec op"]
[Site "Longueuil CAN"]
[Date "2019.07.23"]
[Round "5.10"]
[White "Zhong, Kevin"]
[Black "Zhu, Hong Rui"]
[Result "0-1"]
[WhiteElo "2039"]
[BlackElo "2275"]
[PlyCount "78"]
[EventDate "2019.07.20"]
[EventType "swiss"]
[EventRounds "9"]
[EventCountry "CAN"]

1. e4 c5 2. Ne2 g6 3. Nbc3 Bg7 4. g3 Nc6 5. Bg2 d6 6. d3 e6 7. Be3 Nd4 8. O-O
Ne7 9. Qd2 O-O 10. Nc1 Rb8 11. Nd1 Bh8 12. c3 Ndc6 13. d4 cxd4 14. cxd4 d5 15.
e5 Nf5 16. Ne2 Nxe3 17. Nxe3 Qa5 18. Nc3 Qb4 19. Rad1 Qe7 20. g4 f6 21. f4 fxe5
22. fxe5 Bd7 23. Ne2 Bg7 24. h3 Rxf1+ 25. Rxf1 Bh6 26. Qd3 Rf8 27. Rxf8+ Kxf8
28. a3 Qg5 29. Kf2 Na5 30. Nc2 Ke8 31. Qc3 Qd2 32. Qc7 Nc6 33. Qxb7 Qxc2 34.
Qa8+ Kf7 35. Qb7 Ke7 36. Bxd5 exd5 37. Qc7 Nxd4 38. Qd6+ Ke8 39. Qb8+ Kf7 0-1

[Event "Quebec op"]
[Site "Longueuil CAN"]
[Date "2019.07.23"]
[Round "5.11"]
[White "Robichaud, Louis"]
[Black "Duong, Thanh Nha"]
[Result "1-0"]
[WhiteElo "2026"]
[BlackElo "2230"]
[PlyCount "91"]
[EventDate "2019.07.20"]
[EventType "swiss"]
[EventRounds "9"]
[EventCountry "CAN"]

1. e4 c5 2. d3 e5 3. Nc3 Nc6 4. g3 g6 5. Bg2 Bg7 6. Nh3 h5 7. Be3 d6 8. Qd2 Nh6
9. f3 Nd4 10. Nf2 Be6 11. Ne2 d5 12. c3 Nxe2 13. Qxe2 d4 14. cxd4 cxd4 15. Bd2
Qb6 16. b4 O-O 17. O-O Rfc8 18. Bh3 Rc2 19. Bxe6 Qxe6 20. a4 Rac8 21. Rfb1 Bf8
22. Qd1 Kg7 23. Rc1 Rxc1 24. Rxc1 Ng8 25. Rxc8 Qxc8 26. Qb3 Ne7 27. b5 Qc5 28.
Nh3 f6 29. f4 Qc8 30. Nf2 Qd7 31. Qd1 a6 32. fxe5 fxe5 33. bxa6 bxa6 34. Qb3
Nc8 35. Kg2 Be7 36. a5 Qc6 37. h4 Na7 38. Qb8 Nb5 39. Qxe5+ Bf6 40. Qf4 Nc3 41.
Nh3 Ne2 42. Qh6+ Kf7 43. Qh7+ Bg7 44. Bh6 Qf6 45. Ng5+ Ke7 46. Bxg7 1-0

[Event "Quebec op"]
[Site "Longueuil CAN"]
[Date "2019.07.23"]
[Round "5.12"]
[White "Zheng, Richard"]
[Black "Huang, Qiuyu"]
[Result "1/2-1/2"]
[WhiteElo "1993"]
[BlackElo "2181"]
[PlyCount "98"]
[EventDate "2019.07.20"]
[EventType "swiss"]
[EventRounds "9"]
[EventCountry "CAN"]

1. b3 d5 2. Bb2 Bg4 3. f3 Bf5 4. e3 e6 5. f4 Nd7 6. Nf3 Ngf6 7. Be2 h6 8. O-O
Bd6 9. Ne5 Qe7 10. c4 c6 11. d4 Ne4 12. Nd2 Nxd2 13. Qxd2 Nf6 14. Bf3 Ne4 15.
Qe2 O-O 16. c5 Bxe5 17. fxe5 Ng5 18. b4 f6 19. exf6 Rxf6 20. Bg4 Raf8 21. a4
Bxg4 22. Qxg4 Rxf1+ 23. Rxf1 Rxf1+ 24. Kxf1 Qf7+ 25. Kg1 Qg6 26. h4 Qe4 27. Qg3
Qb1+ 28. Kh2 Ne4 29. Qg6 Qxb2 30. Qxe6+ Kh7 31. Qf5+ Kg8 32. Qc8+ Kf7 33. Qxb7+
Kg6 34. Qxc6+ Nf6 35. Qe6 h5 36. c6 Qc2 37. b5 Kh7 38. Kg3 Ne4+ 39. Kf4 Qf2+
40. Ke5 Qxe3 41. Qf5+ Kg8 42. Kxd5 Nf6+ 43. Kc4 Qc1+ 44. Kb4 Qd2+ 45. Kc4 Qc1+
46. Kb4 Qd2+ 47. Kc4 Qa2+ 48. Kb4 Qd2+ 49. Kc4 Qa2+ 1/2-1/2

[Event "Quebec op"]
[Site "Longueuil CAN"]
[Date "2019.07.23"]
[Round "5.13"]
[White "Nunez-Painchaud, Raphael"]
[Black "Feoktistov, Dmitri"]
[Result "0-1"]
[WhiteElo "1962"]
[BlackElo "2139"]
[PlyCount "54"]
[EventDate "2019.07.20"]
[EventType "swiss"]
[EventRounds "9"]
[EventCountry "CAN"]

1. d4 d5 2. c4 c6 3. Nf3 Nf6 4. g3 g6 5. Bg2 Bg7 6. O-O O-O 7. cxd5 Nxd5 8. Re1
Na6 9. e4 Nb6 10. b3 Bg4 11. Bb2 Qd7 12. Na3 Rfd8 13. e5 c5 14. Nc2 Rac8 15.
Qe2 c4 16. bxc4 Nxc4 17. Ne3 Nxe3 18. Qxe3 Nb4 19. Qb3 Nc2 20. Ng5 Be6 21. Nxe6
Qxe6 22. d5 Qb6 23. Bh3 Rc5 24. Ba3 Qxb3 25. axb3 Rcxd5 26. Bxe7 Re8 27. Bg2
Rb5 0-1

[Event "Quebec op"]
[Site "Longueuil CAN"]
[Date "2019.07.23"]
[Round "5.14"]
[White "Martinez Mulet, Dario Leonel"]
[Black "Bouchard, Jean-Marc"]
[Result "1-0"]
[WhiteElo "2123"]
[BlackElo "1880"]
[PlyCount "145"]
[EventDate "2019.07.20"]
[EventType "swiss"]
[EventRounds "9"]
[EventCountry "CAN"]

1. d4 e6 2. c4 d5 3. Nf3 f5 4. Bf4 Nf6 5. e3 c6 6. Bd3 Bd6 7. O-O O-O 8. Nc3
Qe7 9. Qb3 g6 10. Rac1 Kg7 11. a4 a5 12. Rfe1 Na6 13. c5 Bc7 14. h3 Nb4 15. Bb1
Bb8 16. Na2 Nxa2 17. Bxa2 Nd7 18. Qc3 h6 19. Bxb8 Nxb8 20. Nd2 Nd7 21. Nb3 Qd8
22. f3 Nf6 23. Bb1 Bd7 24. e4 Re8 25. Rcd1 Qc7 26. Qd2 Qd8 27. Re2 Ng8 28. exd5
cxd5 29. Rde1 Bxa4 30. Nc1 Bd7 31. Nd3 Nf6 32. Nf4 Qc8 33. Re3 a4 34. Qe2 Kf7
35. Nd3 Kg7 36. Ne5 Qc7 37. Qf2 Nh5 38. g4 Nf4 39. Qh2 g5 40. Nd3 Kf6 41. h4
Kg7 42. gxf5 exf5 43. hxg5 Rxe3 44. Qxh6+ Kg8 45. Rxe3 Nxd3 46. Bxd3 Qg3+ 47.
Kh1 Qf4 48. Qg6+ Kf8 49. Qd6+ Qxd6 50. cxd6 Re8 51. Rxe8+ Kxe8 52. f4 b5 53.
Kg2 b4 54. Kf3 a3 55. bxa3 bxa3 56. Bb1 Be6 57. Ke3 Kd7 58. Kd2 Kxd6 59. Kc3 a2
60. Bxa2 Bf7 61. Kb4 Kc6 62. Bb3 Bh5 63. Ka5 Bg6 64. Bc2 Bh7 65. Ba4+ Kd6 66.
Kb6 Bg6 67. Bc6 Bh7 68. Ba4 Bg6 69. Kb7 Bh5 70. Kc8 Ke7 71. Kc7 Bf7 72. Bc2 Be6
73. Kc6 1-0

[Event "Quebec op"]
[Site "Longueuil CAN"]
[Date "2019.07.23"]
[Round "5.15"]
[White "Fillion, Steve"]
[Black "Richard, Leo"]
[Result "1-0"]
[WhiteElo "2091"]
[BlackElo "1813"]
[PlyCount "77"]
[EventDate "2019.07.20"]
[EventType "swiss"]
[EventRounds "9"]
[EventCountry "CAN"]

1. e4 e5 2. Nf3 Nc6 3. Bb5 Nf6 4. Qe2 Bc5 5. c3 O-O 6. O-O Re8 7. d3 d5 8. Bg5
a6 9. Ba4 b5 10. Bb3 dxe4 11. dxe4 Be6 12. Nbd2 Bxb3 13. axb3 Be7 14. Rfd1 Qc8
15. b4 Qe6 16. h3 Nh5 17. Nd4 Qg6 18. Bxe7 Nxe7 19. N4b3 Nf4 20. Qg4 Qxg4 21.
hxg4 Ne6 22. Nf3 f6 23. Ne1 Nc8 24. Nd3 Nd6 25. Nbc5 Ra7 26. Ra2 Nxc5 27. Nxc5
Rea8 28. Rda1 Kf7 29. Kf1 Ke7 30. Ke2 c6 31. b3 Kd8 32. f3 g6 33. Rh1 Kc8 34.
Rd2 Ne8 35. Rhd1 Kc7 36. Rh1 Kc8 37. Ne6 Rf7 38. Rhd1 Kb7 39. Nd8+ 1-0

[Event "Quebec op"]
[Site "Longueuil CAN"]
[Date "2019.07.23"]
[Round "5.16"]
[White "Guipi Bopala, Prince Eric jr"]
[Black "Saha, Ananda"]
[Result "0-1"]
[WhiteElo "1619"]
[BlackElo "2059"]
[PlyCount "52"]
[EventDate "2019.07.20"]
[EventType "swiss"]
[EventRounds "9"]
[EventCountry "CAN"]

1. d4 e6 2. Bf4 Nf6 3. e3 b6 4. Nf3 Nh5 5. Bg5 Be7 6. Bxe7 Qxe7 7. c3 Bb7 8.
Bd3 f5 9. Nbd2 O-O 10. O-O d6 11. e4 Nf4 12. Bc2 Nd7 13. exf5 exf5 14. Re1 Qf6
15. Nf1 g5 16. Ne3 g4 17. Nd2 Qg5 18. Ndf1 Bxg2 19. Bxf5 Bf3 20. Qb3+ Kh8 21.
Ng3 Nf6 22. Bc2 Nh3+ 23. Kf1 Qf4 24. Re2 Bxe2+ 25. Kxe2 Qxf2+ 26. Kd3 Nf4+ 0-1

[Event "Quebec op"]
[Site "Longueuil CAN"]
[Date "2019.07.23"]
[Round "5.17"]
[White "Prahov, Valentin"]
[Black "Yan, Alex Jikai"]
[Result "1-0"]
[WhiteElo "2055"]
[BlackElo "1417"]
[PlyCount "59"]
[EventDate "2019.07.20"]
[EventType "swiss"]
[EventRounds "9"]
[EventCountry "CAN"]

1. e4 c5 2. Nf3 Nc6 3. d4 cxd4 4. c3 dxc3 5. Nxc3 e6 6. Bc4 Be7 7. O-O d6 8.
Qe2 Nf6 9. Rd1 e5 10. h3 O-O 11. Be3 Qc7 12. Rac1 Rd8 13. a3 h6 14. b4 Qb8 15.
Qa2 Rf8 16. Nh4 Nd8 17. Ng6 Re8 18. Nb5 Ne6 19. Nxe7+ Rxe7 20. Nxd6 Bd7 21. Nf5
Re8 22. f3 b5 23. Bb3 Rf8 24. Rxd7 Nxd7 25. Bxe6 Nf6 26. Ne7+ Kh7 27. Bxf7 Qb7
28. Bg6+ Kh8 29. Bc5 Rfd8 30. Bf5 1-0

[Event "Quebec op"]
[Site "Longueuil CAN"]
[Date "2019.07.23"]
[Round "5.18"]
[White "Nunez, Omar"]
[Black "Craciun, David"]
[Result "1/2-1/2"]
[WhiteElo "1963"]
[BlackElo "1720"]
[PlyCount "113"]
[EventDate "2019.07.20"]
[EventType "swiss"]
[EventRounds "9"]
[EventCountry "CAN"]

1. Nf3 d5 2. d4 Nf6 3. Bf4 c5 4. e3 Qb6 5. Nc3 e6 6. a3 Be7 7. Bb5+ Nc6 8. O-O
O-O 9. dxc5 Qxc5 10. Qd3 a6 11. Bxc6 bxc6 12. Ne5 Kh8 13. h3 a5 14. Na4 Qb5 15.
Qxb5 cxb5 16. Nb6 Ra7 17. Nxf7+ Kg8 18. Ng5 Bb7 19. Nxe6 Ra6 20. Nxf8 Kxf8 21.
Bc7 Bc5 22. Nxd5 Bxd5 23. b4 axb4 24. axb4 Rc6 25. bxc5 Rxc7 26. f3 Rxc5 27. e4
Be6 28. Rf2 Nh5 29. f4 Ng3 30. Re1 Rc4 31. f5 Bc8 32. e5 Kf7 33. Kh2 Ne4 34.
Rf4 Bb7 35. Rd1 Ke7 36. Re1 g5 37. f6+ Kf8 38. Rff1 Bd5 39. Re2 Kf7 40. Ra1 Rc7
41. Ra6 Nc5 42. Rb6 Ne6 43. Rd2 Bc4 44. Rdd6 Nf4 45. Rbc6 Rxc6 46. Rxc6 Ng6 47.
Rc7+ Ke6 48. Rxh7 Kxe5 49. Rd7 Kxf6 50. g3 Ne5 51. Rd8 Kf5 52. Kg2 Ke4 53. Kf2
Nc6 54. Rd7 Nd4 55. Re7+ Kf5 56. c3 Ne6 57. Ke3 1/2-1/2